• 首页
  • 本馆介绍
  • 公告通知
  • 最新文献
  • 馆藏检索
  • 电子资源
  • 读者导购
  • 参考咨询
  • 我的图书馆
  • 登录
  • 详细信息显示
  • 放入我的书架
  • 预约/预借图书
  • 作者相关作品
  • 分类相关作品
  • 丛书相关作品
  • 出版社相关作品

书目信息

  • 表格格式
  • 工作单格式
  • 卡片格式
题名:
中国政治思想史
    
 
作者: 陶希圣 著
分册: 下  
出版信息: 北京   中国大百科全书出版社  2009
页数: 452-1003页
开本: 23cm
丛书名: 百科史学·史学名著丛书
单 册:
中图分类: D092.2
科图分类:
主题词: 政治思想史--中国--古代
电子资源:
ISBN: 978-7-5000-7975-0
000 00815nam0 2200253 450
001 338019
005 20150529083339.14
010    @a978-7-5000-7975-0@dCNY59.00
100    @a20090408d2009 em y0chiy50 ea
101 0  @achi
102    @aCN@b110000
105    @ay z 000yy
106    @ar
200 1  @a中国政治思想史@Azhong guo zheng zhi si xiang shi@h下@f陶希圣著
210    @a北京@c中国大百科全书出版社@d2009
215    @a452-1003页@d23cm
225 1  @a百科史学·史学名著丛书
330    @a本书分上下两卷共五编: 上卷: 人类之自然状态、氏族时代、王权时代;下卷: 氏族时代、王权再建时代。
410  0 @12001 @a百科史学·史学名著丛书
606 0  @a政治思想史@y中国@z古代
690    @aD092.2@v5
701  0 @a陶希圣@Atao xi sheng@f(1899 1988)@4著
801  0 @aCN@b卓展宏图@c20150525
905    @dD092.2@e143:2@f3
    
    中国政治思想史.下/陶希圣著.-北京:中国大百科全书出版社,2009
    452-1003页;23cm.-(百科史学·史学名著丛书)
    
    
    ISBN 978-7-5000-7975-0:CNY59.00
    本书分上下两卷共五编: 上卷: 人类之自然状态、氏族时代、王权时代;下卷: 氏族时代、王权再建时代。
●
相关链接 在E读中查询图书 在五车中查询图书 在当当中查询图书 在豆瓣中查询图书


正题名:中国政治思想史     索取号:D092.2/143:2         预约/预借

序号 登录号 条形码 馆藏地/架位号 状态 备注
1 857113   208571133   第一样本阅览室/ [索取号:D092.2/143:2] 在馆    
2 857114   208571142   第一借阅区/ [索取号:D092.2/143:2] 在馆    
3 857115   208571151   密集书库-史法系/ [索取号:D092.2/143:2] 在馆    
唐山师范学院图书馆 欢迎您!
大连网信软件有限公司© 版权所有